La Misna

Uloženo v:
Podrobná bibliografie
Hlavní autor: Del Valle, Carlos
Médium: Kniha
Jazyk:španělština
Vydáno: Madrod. Nacional. 1981.
Témata:
Tagy: Přidat tag
Žádné tagy, Buďte první, kdo vytvoří štítek k tomuto záznamu!

MARC

LEADER 00000nam a22000005a 4500
001 20631
003 CL-ChBUA
005 20120815103753.0
008 070301s1981 sp 000 0 spa
040 |a CL-ChBUA  |c CL-ChBUA 
082 0 0 |a 296.23 
090 |c 20631  |d 20631 
100 1 |a Del Valle, Carlos. 
245 1 0 |a La Misna 
260 |b Nacional.  |a Madrod.  |c 1981. 
300 |a 1.436 p.  |c 21 cm. 
504 |a Indice. 
650 4 |a JUDAISMO. 
650 4 |a JUDAISMO - RELACIONES - CRISTIANISMO. 
650 4 |a TALMUD - MISNA. 
942 |c LIB 
952 |0 0  |1 0  |2 ddc  |4 0  |6 296_230000000000000_M_678__PAS  |7 0  |9 28062  |a UNACH  |b UNACH  |c 200  |d 2007-03-05  |i 39.437.  |l 34  |m 24  |o 296.23 / M 678. (PASIVA)  |p 29061  |r 2026-03-26 16:59:57  |s 2026-03-26  |w 2012-08-08  |y LIB 
999 |c 20631  |d 20631